[Event "PLZEN 2022 – CALLIDITAS OPEN"]
[Site "Plzen (Ceska republika)"]
[Date "2022.08.25"]
[Round "7.21"]
[White "Zach, Tomas"]
[Black "Chudek, Lubomir"]
[Result "1/2-1/2"]
[WhiteElo "1600"]
[BlackElo "1770"]
[PlyCount "69"]
[EventDate "2022.08.20"]

1. e4 c5 2. Nf3 Nc6 3. d4 cxd4 4. Nxd4 g6 5. c3 Bg7 6. Nxc6 bxc6 7. Bd3 Nf6 8.
O-O O-O 9. h3 Rb8 10. Nd2 Qc7 11. Nb3 d5 12. exd5 Nxd5 13. Be4 Nf6 14. Qf3 Nxe4
15. Qxe4 e5 16. Be3 a5 17. Qa4 Be6 18. Qxa5 Qxa5 19. Nxa5 Rxb2 20. Nxc6 Rxa2
21. Rxa2 Bxa2 22. Ra1 Bc4 23. Bc5 Re8 24. Bb4 h5 25. Ra7 e4 26. Re7 Rxe7 27.
Nxe7+ Kh7 28. Nc8 f5 29. Nd6 Bd3 30. c4 Bf8 31. c5 Bxd6 32. cxd6 Bb5 33. Kh2 g5
34. Bc3 Kg6 35. f3 1/2-1/2

[Event "PLZEN 2022 – CALLIDITAS OPEN"]
[Site "Plzen (Ceska republika)"]
[Date "2022.08.25"]
[Round "7.22"]
[White "Andrusevych, Andriy"]
[Black "Hadac, Pavel"]
[Result "1-0"]
[WhiteElo "1144"]
[BlackElo "1801"]
[PlyCount "99"]
[EventDate "2022.08.20"]

1. e4 d5 2. exd5 Nf6 3. d4 Nxd5 4. c4 Nb6 5. Nc3 e5 6. d5 Bb4 7. Bd2 O-O 8. a3
Bc5 9. Nf3 Bg4 10. h3 Bh5 11. Ne4 Bd4 12. Qb3 Bxf3 13. gxf3 f5 14. Ng3 c5 15.
Bc3 Qg5 16. Ne2 N8d7 17. Bxd4 exd4 18. f4 Qf6 19. O-O-O Rae8 20. Ng3 Qh4 21.
Qf3 Nf6 22. Nxf5 Qh5 23. Qxh5 Nxh5 24. Nd6 Re7 25. f5 Rf6 26. Nb5 a6 27. d6 Rd7
28. Nxd4 cxd4 29. c5 Na4 30. Bc4+ Kf8 31. Be6 Rd8 32. b4 Nf4 33. Rhe1 Nc3 34.
Rd2 Nfe2+ 35. Rdxe2 Nxe2+ 36. Rxe2 g6 37. fxg6 hxg6 38. d7 Rf3 39. Kb2 Rf4 40.
Kb3 Rf3+ 41. Ka4 Rc3 42. Rd2 Ke7 43. Bg4 d3 44. b5 Rxc5 45. bxa6 bxa6 46. Rxd3
Rb5 47. Rd4 Rf8 48. f3 g5 49. Rc4 Rf6 50. Re4+ 1-0

[Event "PLZEN 2022 – CALLIDITAS OPEN"]
[Site "Plzen (Ceska republika)"]
[Date "2022.08.25"]
[Round "7.23"]
[White "Tykalova, Barbora"]
[Black "Karapetsas, Athanasios"]
[Result "0-1"]
[WhiteElo "1168"]
[BlackElo "1478"]
[PlyCount "86"]
[EventDate "2022.08.20"]

1. e4 e5 2. Nf3 Nc6 3. d4 exd4 4. Bc4 Bc5 5. c3 dxc3 6. Bxf7+ Kxf7 7. Qd5+ Ke8
8. Qh5+ g6 9. Qxc5 d6 10. Qxc3 Qf6 11. Qd3 Ne5 12. Nxe5 Qxe5 13. Nc3 c6 14. O-O
Bd7 15. f4 Qe7 16. Bd2 Kd8 17. Ne2 Kc7 18. Bb4 c5 19. Bc3 Nf6 20. e5 Rhe8 21.
exd6+ Qxd6 22. Qxd6+ Kxd6 23. Rad1+ Nd5 24. Be5+ Kc6 25. Rfe1 Bg4 26. h3 Be6
27. Rc1 Kb6 28. a3 a5 29. Nc3 Nxc3 30. bxc3 Rad8 31. Rb1+ Kc6 32. Re2 Bc4 33.
Reb2 b5 34. Bf6 Rd3 35. Rc2 Rf8 36. Be5 Rfd8 37. Rcc1 Rd2 38. Bf6 R8d7 39. Bg5
Ra2 40. Ra1 Rdd2 41. f5 Rxg2+ 42. Kh1 Rh2+ 43. Kg1 Rag2# 0-1

[Event "PLZEN 2022 – CALLIDITAS OPEN"]
[Site "Plzen (Ceska republika)"]
[Date "2022.08.25"]
[Round "7.25"]
[White "Fakan, Petr"]
[Black "Krisman, Ondrej"]
[Result "0-1"]
[WhiteElo "1272"]
[BlackElo "1615"]
[PlyCount "50"]
[EventDate "2022.08.20"]

1. e4 e5 2. Nf3 Nc6 3. d4 exd4 4. Bc4 Nf6 5. Bg5 Bb4+ 6. c3 dxc3 7. bxc3 Be7 8.
O-O O-O 9. Nbd2 d5 10. exd5 Nxd5 11. Ne4 Be6 12. Bxe7 Ncxe7 13. Nfg5 Bf5 14.
Qf3 h6 15. Rad1 hxg5 16. Bxd5 Qc8 17. h3 g4 18. Qe3 Nxd5 19. Rxd5 Re8 20. f3
gxh3 21. Rfd1 Bxe4 22. fxe4 hxg2 23. Qg5 Qh3 24. Kf2 Qxc3 25. Qxg2 Qc2+ 0-1

[Event "PLZEN 2022 – CALLIDITAS OPEN"]
[Site "Plzen (Ceska republika)"]
[Date "2022.08.25"]
[Round "7.28"]
[White "Roubal, Frantisek"]
[Black "Syrovatka, Čenek"]
[Result "0-1"]
[WhiteElo "1240"]
[BlackElo "1820"]
[PlyCount "78"]
[EventDate "2022.08.20"]

1. d4 Nf6 2. Bf4 e6 3. e3 d5 4. Bd3 c5 5. c3 Nc6 6. Nd2 cxd4 7. cxd4 Bd7 8. a3
Rc8 9. Ngf3 Nh5 10. Bg5 Be7 11. Bxe7 Qxe7 12. O-O Nf6 13. Rc1 O-O 14. Qe2 a6
15. Rc3 Na7 16. Rfc1 Nb5 17. Bxb5 Bxb5 18. Qd1 Rxc3 19. Rxc3 Qd6 20. Qc1 Bc6
21. Ne5 Rc8 22. Nb3 Ne4 23. Rc2 f6 24. Nd3 Qd8 25. Nb4 Qb6 26. Nc5 Nxc5 27.
Rxc5 Kf7 28. Qc2 g6 29. Nxc6 Rxc6 30. Rxc6 bxc6 31. b4 e5 32. Qc5 Qxc5 33. bxc5
Ke6 34. f3 h5 35. h4 Kf5 36. g3 g5 37. Kf2 gxh4 38. gxh4 exd4 39. exd4 Kf4 0-1

[Event "PLZEN 2022 – CALLIDITAS OPEN"]
[Site "Plzen (Ceska republika)"]
[Date "2022.08.26"]
[Round "8.1"]
[White "Langmajer, Jan"]
[Black "Neuman, Petr"]
[Result "0-1"]
[WhiteElo "1871"]
[BlackElo "2393"]
[PlyCount "62"]
[EventDate "2022.08.20"]

1. e4 c5 2. Nf3 d6 3. d4 cxd4 4. Nxd4 Nf6 5. Nc3 Nc6 6. Be2 e6 7. Be3 Be7 8.
O-O O-O 9. f4 Qc7 10. Qd2 a6 11. a4 Na5 12. h3 b6 13. Qd3 Bb7 14. Bf3 Nc4 15.
Bc1 Rfd8 16. Kh1 Rac8 17. Re1 g6 18. Rb1 Bf8 19. f5 Ne5 20. Qe3 Nxf3 21. gxf3
exf5 22. Qg5 Bg7 23. Nxf5 gxf5 24. Rg1 Ne8 25. Qh4 f6 26. Bh6 Rd7 27. Ne2 fxe4
28. fxe4 Kh8 29. Nd4 Bxh6 30. Qxh6 Bxe4+ 31. Kh2 Rg7 0-1

[Event "PLZEN 2022 – CALLIDITAS OPEN"]
[Site "Plzen (Ceska republika)"]
[Date "2022.08.26"]
[Round "8.2"]
[White "Eret, Matous"]
[Black "Flajsman, Pavel"]
[Result "1/2-1/2"]
[WhiteElo "2261"]
[BlackElo "2189"]
[PlyCount "46"]
[EventDate "2022.08.20"]

1. e4 e5 2. Nf3 Nc6 3. Bb5 a6 4. Ba4 Nf6 5. d3 Bc5 6. c3 b5 7. Bb3 d6 8. a4 Rb8
9. O-O O-O 10. Re1 h6 11. axb5 axb5 12. Nbd2 Re8 13. Nf1 Be6 14. Ra6 Bb6 15.
Bxe6 Rxe6 16. Be3 Bxe3 17. Nxe3 d5 18. Nf5 dxe4 19. dxe4 Qxd1 20. Rxd1 Kf8 21.
Ng3 Ke7 22. b4 g6 23. Kf1 Rb7 1/2-1/2

[Event "PLZEN 2022 – CALLIDITAS OPEN"]
[Site "Plzen (Ceska republika)"]
[Date "2022.08.26"]
[Round "8.3"]
[White "Haba, Zdenek"]
[Black "Egri, Tomas"]
[Result "0-1"]
[WhiteElo "2156"]
[BlackElo "1783"]
[PlyCount "66"]
[EventDate "2022.08.20"]

1. d4 d5 2. c4 e6 3. Nf3 Nf6 4. g3 c6 5. Bg2 Be7 6. O-O O-O 7. Nbd2 Nbd7 8. Qc2
b6 9. Rd1 Bb7 10. e4 dxc4 11. Nxc4 c5 12. e5 Nd5 13. b3 Rc8 14. Qb2 h6 15. Ne3
Qc7 16. Nxd5 Bxd5 17. Be3 Qb7 18. Ne1 c4 19. Rac1 cxb3 20. axb3 b5 21. f4 f5
22. Bxd5 Qxd5 23. Ra1 Rc7 24. Rdc1 Rfc8 25. Rxc7 Rxc7 26. Bf2 Nb6 27. Nd3 b4
28. Rc1 Rxc1+ 29. Nxc1 Qc6 30. Nd3 Nd5 31. Nc5 Nc3 32. Qa1 Ne2+ 33. Kf1 Qh1+
0-1

[Event "PLZEN 2022 – CALLIDITAS OPEN"]
[Site "Plzen (Ceska republika)"]
[Date "2022.08.26"]
[Round "8.4"]
[White "Hurtak, Otto"]
[Black "Pokrupa, Marek"]
[Result "1-0"]
[WhiteElo "1893"]
[BlackElo "2124"]
[PlyCount "111"]
[EventDate "2022.08.20"]

1. c4 e5 2. Nc3 Nc6 3. g3 g6 4. Bg2 Bg7 5. e4 d6 6. Nge2 Be6 7. d3 Qd7 8. Nd5
h5 9. h4 Nce7 10. O-O c6 11. Ne3 Nf6 12. d4 Bh3 13. dxe5 dxe5 14. Qxd7+ Bxd7
15. b3 Ng4 16. f3 Nxe3 17. Bxe3 Be6 18. Rfd1 Bh6 19. Bxh6 Rxh6 20. Kh2 Rh8 21.
Bh3 Bxh3 22. Kxh3 Ng8 23. Kg2 Nf6 24. Kf2 Ke7 25. Rd3 Rhd8 26. Rad1 Rxd3 27.
Rxd3 Nd7 28. Nc3 Nc5 29. Rd2 a5 30. Ke3 Ke6 31. f4 f5 32. exf5+ gxf5 33. fxe5
Kxe5 34. Ne2 Rg8 35. Kf3 Rg4 36. Rd8 a4 37. Re8+ Kd6 38. Rf8 axb3 39. axb3 Nxb3
40. Rxf5 Nd2+ 41. Kg2 Rxc4 42. Rxh5 b5 43. Rh8 Kc5 44. h5 b4 45. h6 b3 46. Rb8
Rb4 47. Rxb4 Kxb4 48. h7 b2 49. h8=Q b1=Q 50. Qc3+ Kb5 51. Nd4+ Ka6 52. Qxd2 c5
53. Qe2+ Ka5 54. Qc2 Qb7+ 55. Nf3 Qd5 56. Qd2+ 1-0

[Event "PLZEN 2022 – CALLIDITAS OPEN"]
[Site "Plzen (Ceska republika)"]
[Date "2022.08.26"]
[Round "8.5"]
[White "Bechynsky, Jan"]
[Black "Ondrejat, Miroslav"]
[Result "1-0"]
[WhiteElo "1982"]
[BlackElo "1900"]
[PlyCount "85"]
[EventDate "2022.08.20"]

1. e4 c5 2. c3 e6 3. d4 d5 4. exd5 exd5 5. Nf3 Nc6 6. Be2 Nf6 7. O-O Be7 8.
dxc5 Bxc5 9. Bg5 Be6 10. Nbd2 O-O 11. Nb3 Bb6 12. Nbd4 h6 13. Bh4 g5 14. Bg3
Ne4 15. Nxc6 bxc6 16. Nd4 Bd7 17. Bd3 f5 18. Bxe4 fxe4 19. h4 gxh4 20. Qh5 Qg5
21. Qxh4 Qxh4 22. Bxh4 Rf7 23. b4 Kh7 24. Rfe1 Rg8 25. Bg3 Rfg7 26. Re3 h5 27.
Kf1 c5 28. bxc5 Bxc5 29. Ke2 Bg4+ 30. Kd2 Rb7 31. Rc1 Rc8 32. Be5 Rf8 33. f4
exf3 34. gxf3 Bxd4 35. cxd4 Rxf3 36. Rxf3 Bxf3 37. Ke3 Rf7 38. Rf1 Kg6 39. Rxf3
Rh7 40. Kf4 Rf7+ 41. Kg3 h4+ 42. Kg4 Rxf3 43. Kxf3 1-0

[Event "PLZEN 2022 – CALLIDITAS OPEN"]
[Site "Plzen (Ceska republika)"]
[Date "2022.08.26"]
[Round "8.6"]
[White "Bartonicek, Zdenek"]
[Black "Svejda, Karel"]
[Result "1-0"]
[WhiteElo "1923"]
[BlackElo "1603"]
[PlyCount "55"]
[EventDate "2022.08.20"]

1. e4 e6 2. d4 d5 3. Nd2 a6 4. Bd3 c5 5. dxc5 Bxc5 6. Ngf3 Nf6 7. e5 Nfd7 8.
O-O Nc6 9. Nb3 Ba7 10. Re1 Nb4 11. Bf1 O-O 12. c3 Nc6 13. Nbd4 Qc7 14. Bf4 Nc5
15. Bd3 Nxd3 16. Qxd3 h6 17. Qd2 Nxd4 18. cxd4 Qe7 19. Bg3 Bd7 20. Bh4 Qe8 21.
Rac1 Rc8 22. Re3 Rxc1+ 23. Qxc1 g5 24. Bxg5 hxg5 25. Nxg5 f5 26. Rg3 Qc8 27.
Ne4+ Kh7 28. Qg5 1-0

[Event "PLZEN 2022 – CALLIDITAS OPEN"]
[Site "Plzen (Ceska republika)"]
[Date "2022.08.26"]
[Round "8.7"]
[White "Hlavac, Rudolf"]
[Black "Berka, Lubos"]
[Result "1-0"]
[WhiteElo "1912"]
[BlackElo "1678"]
[PlyCount "65"]
[EventDate "2022.08.20"]

1. e4 c6 2. d4 d5 3. Nc3 dxe4 4. Nxe4 Nf6 5. Nxf6+ exf6 6. Nf3 Bf5 7. Be2 Bd6
8. O-O O-O 9. c4 Na6 10. a3 Re8 11. Be3 Nc7 12. Qd2 Qd7 13. Rfe1 Rad8 14. a4
Qe7 15. Qa5 Qe6 16. Qxa7 Na6 17. Qb6 Bb4 18. Rec1 Bg4 19. h3 Bxh3 20. gxh3 Qxh3
21. Qxb7 Re4 22. Ne5 fxe5 23. Qxc6 Rh4 24. dxe5 Nc5 25. Qg2 Qxg2+ 26. Kxg2 Re4
27. Rd1 Re8 28. Rd5 R4xe5 29. Bf3 Rxd5 30. Bxd5 Nd3 31. a5 Ne1+ 32. Rxe1 Bxe1
33. a6 1-0

[Event "PLZEN 2022 – CALLIDITAS OPEN"]
[Site "Plzen (Ceska republika)"]
[Date "2022.08.26"]
[Round "8.9"]
[White "Yagiz, Bora"]
[Black "Pelikan, David"]
[Result "1-0"]
[WhiteElo "2154"]
[BlackElo "1997"]
[PlyCount "97"]
[EventDate "2022.08.20"]

1. e4 c6 2. Nc3 d5 3. d3 dxe4 4. dxe4 Qxd1+ 5. Nxd1 e5 6. Nf3 Bg4 7. c3 Bd6 8.
Ne3 Be6 9. Bc4 Nd7 10. Bxe6 fxe6 11. Ke2 Ngf6 12. Nd2 Bc5 13. f3 Nh5 14. g3 Rf8
15. b4 Bb6 16. Nec4 Rd8 17. Nd6+ Ke7 18. Nxb7 Rb8 19. Na5 Bxa5 20. bxa5 c5 21.
Nc4 Nhf6 22. Be3 Rb5 23. Rab1 Rfb8 24. Rxb5 Rxb5 25. Rd1 h6 26. Rd6 Rb2+ 27.
Nxb2 Kxd6 28. Nc4+ Kc6 29. a4 Ne8 30. Kd3 a6 31. Bf2 Nd6 32. h4 Nxc4 33. Kxc4
h5 34. Be3 g6 35. Bg5 Kd6 36. Bd8 Nb8 37. Kd3 Nd7 38. Kc4 Nb8 39. Bb6 Nd7 40.
f4 Kc6 41. Bd8 Kd6 42. Kd3 Nb8 43. fxe5+ Kd7 44. Bb6 Kc6 45. Ke3 Nd7 46. Kf4
Nxb6 47. axb6 Kxb6 48. Kg5 Ka5 49. Kf6 1-0

[Event "PLZEN 2022 – CALLIDITAS OPEN"]
[Site "Plzen (Ceska republika)"]
[Date "2022.08.26"]
[Round "8.10"]
[White "Turner, Radek"]
[Black "Flajsman, Petr"]
[Result "1/2-1/2"]
[WhiteElo "2028"]
[BlackElo "1907"]
[PlyCount "45"]
[EventDate "2022.08.20"]

1. c4 e5 2. g3 c6 3. Nf3 Qc7 4. Nc3 Nf6 5. Bg2 d6 6. e4 Be6 7. d3 Be7 8. O-O
Nbd7 9. Ng5 Nf8 10. Nxe6 Nxe6 11. Be3 O-O 12. b4 Nd7 13. Rb1 a5 14. b5 Ndc5 15.
f4 Nd4 16. f5 Bf6 17. Ne2 Nd7 18. g4 Qd8 19. bxc6 bxc6 20. Qd2 h6 21. Rb2 Bg5
22. Rfb1 Nc5 23. Nxd4 1/2-1/2

[Event "PLZEN 2022 – CALLIDITAS OPEN"]
[Site "Plzen (Ceska republika)"]
[Date "2022.08.26"]
[Round "8.12"]
[White "Macho, Miloslav"]
[Black "Humeniuk, Artur"]
[Result "1-0"]
[WhiteElo "1635"]
[BlackElo "1027"]
[PlyCount "71"]
[EventDate "2022.08.20"]

1. e4 c5 2. b4 cxb4 3. a3 d5 4. exd5 Qxd5 5. Nf3 e5 6. c4 Qe4+ 7. Be2 Nc6 8.
O-O Be6 9. Bb2 Nf6 10. Re1 Nd7 11. d4 exd4 12. Ng5 Qf4 13. Nxe6 fxe6 14. Bf3 e5
15. Bxc6 bxc6 16. Bxd4 Be7 17. Be3 Qxc4 18. Nd2 Qd5 19. axb4 Bxb4 20. Qc2 O-O
21. Red1 c5 22. Ne4 Qc6 23. Rd6 Qc7 24. Ng5 Nf6 25. Raa6 Qe7 26. Re6 Qc7 27.
Rac6 Qd7 28. Red6 Qe7 29. h3 Rad8 30. Re6 Qd7 31. Bxc5 Qd1+ 32. Qxd1 Rxd1+ 33.
Kh2 Bxc5 34. Rxc5 e4 35. Nxe4 Re1 36. Nxf6+ 1-0

[Event "PLZEN 2022 – CALLIDITAS OPEN"]
[Site "Plzen (Ceska republika)"]
[Date "2022.08.26"]
[Round "8.13"]
[White "Kalista, Karel"]
[Black "Vlk, Miloslav"]
[Result "0-1"]
[WhiteElo "1643"]
[BlackElo "1971"]
[PlyCount "76"]
[EventDate "2022.08.20"]

1. d4 d5 2. c4 c6 3. Nf3 Nf6 4. Qb3 dxc4 5. Qxc4 Nbd7 6. Nc3 Nb6 7. Qd3 Bg4 8.
Ne5 Bh5 9. e4 e6 10. f3 Be7 11. Be2 Nfd7 12. Bf4 f6 13. Nxd7 Qxd7 14. a4 a5 15.
Be3 Bg6 16. Qd2 Bb4 17. d5 Nc8 18. dxc6 Qxd2+ 19. Bxd2 bxc6 20. O-O e5 21. Bc4
Nb6 22. Bb3 Bf7 23. Bxf7+ Kxf7 24. b3 Rhd8 25. Be1 Rd3 26. Rc1 Rad8 27. Bf2
Bxc3 28. Bxb6 Rb8 29. Bc7 Rxb3 30. Rc2 Ke6 31. Rfc1 Kd7 32. Bb6 Bd2 33. Rd1
Be3+ 34. Bxe3 Rxd1+ 35. Kf2 Rdd3 36. Bd2 Ra3 37. Bxa5 Rxa4 38. Bc3 Rc4 0-1

[Event "PLZEN 2022 – CALLIDITAS OPEN"]
[Site "Plzen (Ceska republika)"]
[Date "2022.08.26"]
[Round "8.14"]
[White "Papay, Jindrich"]
[Black "Mohylnyi, Stepan"]
[Result "0-1"]
[WhiteElo "1906"]
[BlackElo "1709"]
[PlyCount "104"]
[EventDate "2022.08.20"]

1. f4 d5 2. Nf3 Nf6 3. g3 g6 4. Bg2 Bg7 5. c3 O-O 6. O-O b6 7. d3 Bb7 8. Qc2
Nbd7 9. Ne5 c5 10. Nxd7 Qxd7 11. e4 dxe4 12. dxe4 e5 13. f5 Rad8 14. Re1 Ba6
15. h3 Bd3 16. Qf2 h5 17. Bg5 Qc6 18. Nd2 Rd7 19. Bf3 Nh7 20. Be3 Bf6 21. g4 h4
22. Bh6 Rfd8 23. g5 Nxg5 24. Bg2 Nh7 25. Be3 Rd6 26. Kh1 Qd7 27. Rg1 Kh8 28.
Nf3 Qe7 29. Nh2 g5 30. Qf3 Bg7 31. Ng4 f6 32. Nf2 Bc4 33. b3 Bf7 34. Qe2 Nf8
35. Bf3 Nd7 36. Ng4 Nb8 37. Rad1 Nc6 38. Nf2 Rxd1 39. Nxd1 Qd7 40. Nf2 Qe7 41.
Kh2 Qc7 42. Nd1 Bf8 43. Nf2 c4 44. b4 b5 45. Qf1 a5 46. a3 axb4 47. axb4 Be7
48. Be2 Ra8 49. Rg2 Ra2 50. Qe1 Nd4 51. Nd1 Rxe2 52. Qf1 Re1 0-1

[Event "PLZEN 2022 – CALLIDITAS OPEN"]
[Site "Plzen (Ceska republika)"]
[Date "2022.08.26"]
[Round "8.15"]
[White "Diachek, Andriy"]
[Black "Hodan, Jiri"]
[Result "1/2-1/2"]
[WhiteElo "1516"]
[BlackElo "1878"]
[PlyCount "151"]
[EventDate "2022.08.20"]

1. e4 e5 2. Nf3 Nc6 3. Bb5 Nf6 4. d3 Bc5 5. O-O Qe7 6. Nc3 O-O 7. Bg5 Qd6 8.
Bxf6 Qxf6 9. Nd5 Qd8 10. c3 d6 11. b4 Bb6 12. a4 a6 13. Nxb6 cxb6 14. Bc4 Bg4
15. h3 Bh5 16. Qe2 Kh8 17. Qe3 Bxf3 18. Qxf3 Qg5 19. Qe3 Qxe3 20. fxe3 f6 21.
Rfb1 Ne7 22. b5 a5 23. Be6 Rfe8 24. d4 Ng6 25. Bd5 Re7 26. g3 Rc7 27. c4 Ne7
28. Be6 Re8 29. Rc1 g6 30. Rc2 exd4 31. exd4 Nc6 32. bxc6 Rxe6 33. cxb7 Rxb7
34. c5 Rxe4 35. c6 Rc7 36. d5 Rd4 37. Rb1 Rxd5 38. Rxb6 Kg7 39. Rb5 Rc5 40.
Rbxc5 dxc5 41. Rxc5 Kf7 42. Rxa5 Rxc6 43. Kf2 Rc2+ 44. Kf3 Rc3+ 45. Kf2 Rc2+
46. Kf1 Rc3 47. Ra7+ Ke6 48. Kf2 Rc2+ 49. Kf3 Rc3+ 50. Kf2 h5 51. a5 h4 52.
gxh4 Rxh3 53. Rh7 Ra3 54. h5 gxh5 55. Rxh5 f5 56. Rh4 Rxa5 57. Rb4 Ke5 58. Kf3
Ra3+ 59. Kf2 Kf6 60. Rc4 Kg5 61. Rb4 Ra2+ 62. Kg3 Ra3+ 63. Kf2 Ra7 64. Kg3 Rc7
65. Ra4 Rc3+ 66. Kf2 Rh3 67. Kg2 Re3 68. Kf2 f4 69. Ra8 Re5 70. Kf3 Re3+ 71.
Kf2 Re6 72. Kf3 Re1 73. Ra5+ Kf6 74. Kxf4 Ke7 75. Re5+ Rxe5 76. Kxe5 1/2-1/2

[Event "PLZEN 2022 – CALLIDITAS OPEN"]
[Site "Plzen (Ceska republika)"]
[Date "2022.08.26"]
[Round "8.17"]
[White "Hosnedl, Jiri"]
[Black "Andrusevych, Andriy"]
[Result "1-0"]
[WhiteElo "1860"]
[BlackElo "1144"]
[PlyCount "81"]
[EventDate "2022.08.20"]

1. d4 Nf6 2. c4 g6 3. Nc3 Bg7 4. e4 d6 5. Nf3 O-O 6. Be2 Nbd7 7. O-O c5 8. h3
h6 9. Be3 Kh7 10. Qd2 e6 11. Rad1 Qe7 12. Ne1 Ng8 13. f4 f5 14. dxc5 dxc5 15.
e5 a6 16. Bf3 Rb8 17. a4 b6 18. Nc2 Rd8 19. Qf2 Bb7 20. Na1 Nf8 21. Nb3 Rxd1
22. Rxd1 Nd7 23. Bxb7 Rxb7 24. a5 Bf8 25. Na4 bxa5 26. Nbxc5 Nxc5 27. Nxc5 Rc7
28. Rd6 Qf7 29. Rxa6 Bxc5 30. Bxc5 Ne7 31. Rxa5 Nc6 32. Rb5 Qd7 33. Bd6 Rc8 34.
Qb6 Nd8 35. Ra5 Nc6 36. Rc5 Kg7 37. b4 Kf7 38. b5 Ne7 39. Rxc8 Nxc8 40. Qa6 Ke8
41. c5 1-0

[Event "PLZEN 2022 – CALLIDITAS OPEN"]
[Site "Plzen (Ceska republika)"]
[Date "2022.08.26"]
[Round "8.18"]
[White "Stepanek, Vit"]
[Black "Koper, Stefan"]
[Result "1/2-1/2"]
[WhiteElo "1518"]
[BlackElo "1823"]
[PlyCount "96"]
[EventDate "2022.08.20"]

1. d4 d5 2. Bf4 c5 3. e3 cxd4 4. exd4 Nc6 5. c3 Nf6 6. Nd2 g6 7. Ngf3 Bg7 8.
Bd3 O-O 9. O-O a6 10. a4 Bg4 11. h3 Bxf3 12. Nxf3 e6 13. Re1 Ne8 14. Qb3 Nd6
15. Qa3 Nc8 16. Re2 Re8 17. Rae1 Bf8 18. Qa2 Nd6 19. b4 b5 20. a5 Rc8 21. Qd2
Ne7 22. Ne5 Nc6 23. Ng4 Bg7 24. Bg5 f6 25. Bh6 Ne4 26. Bxe4 dxe4 27. Bxg7 Kxg7
28. Qh6+ Kg8 29. Qf4 f5 30. Nh6+ Kg7 31. f3 g5 32. Nxf5+ exf5 33. Qxf5 Qf6 34.
Qd7+ Qf7 35. Qg4 Qf4 36. Rxe4 Qxg4 37. hxg4 Rf8 38. Re6 Rf7 39. d5 Nb8 40. R1e3
Rd8 41. Re8 Rfd7 42. R8e7+ Kf8 43. Rxd7 Rxd7 44. Re5 h6 45. Kf2 Rd6 46. Ke3 Nd7
47. Rf5+ Ke7 48. Kd4 Rg6 1/2-1/2

[Event "PLZEN 2022 – CALLIDITAS OPEN"]
[Site "Plzen (Ceska republika)"]
[Date "2022.08.26"]
[Round "8.19"]
[White "Karapetsas, Athanasios"]
[Black "Syrovatka, Cenek"]
[Result "1/2-1/2"]
[WhiteElo "1478"]
[BlackElo "1820"]
[PlyCount "109"]
[EventDate "2022.08.20"]

1. d4 Nf6 2. c4 e6 3. Nc3 d5 4. Bf4 Bb4 5. Qb3 c5 6. dxc5 Bxc5 7. Bxb8 Rxb8 8.
Qb5+ Nd7 9. cxd5 a6 10. Qb3 Qf6 11. e3 O-O 12. Nf3 Ne5 13. Be2 exd5 14. Nxe5
Qxe5 15. Qxd5 Qxd5 16. Nxd5 Be6 17. Bf3 Rfd8 18. Rd1 Rd7 19. O-O Rbd8 20. Nc3
Rxd1 21. Rxd1 Rxd1+ 22. Bxd1 b5 23. a3 b4 24. axb4 Bxb4 25. f4 f5 26. Kf2 Kf7
27. h3 h6 28. Ne2 Kf6 29. Nd4 Bd7 30. g4 a5 31. gxf5 Bxf5 32. h4 Bd7 33. e4 Bc5
34. Ke3 a4 35. e5+ Ke7 36. Ke4 a3 37. bxa3 Bxa3 38. Be2 Bb2 39. Nb3 Ba4 40. Nc5
Bc2+ 41. Bd3 Ba3 42. Na6 Ba4 43. f5 Bc6+ 44. Kd4 Bb2+ 45. Kc5 Bb7 46. e6 Bf6
47. Nb4 Bxh4 48. Bc2 Bf2+ 49. Kc4 Kd6 50. Nd3 Ba6+ 51. Kb4 Bxd3 52. Bxd3 h5 53.
Be2 h4 54. Bg4 Be3 55. Kc4 1/2-1/2

[Event "PLZEN 2022 – CALLIDITAS OPEN"]
[Site "Plzen (Ceska republika)"]
[Date "2022.08.26"]
[Round "8.22"]
[White "Krisman, Ondrej"]
[Black "Hajsman, Ladislav"]
[Result "1-0"]
[WhiteElo "1615"]
[BlackElo "1797"]
[PlyCount "59"]
[EventDate "2022.08.20"]

1. e4 c5 2. Nf3 d6 3. d4 cxd4 4. Nxd4 Nf6 5. Nc3 Nc6 6. Bg5 e6 7. Bc4 a6 8. O-O
Be7 9. Qd2 h6 10. Nxc6 bxc6 11. Bh4 O-O 12. Rfd1 Qb6 13. Na4 Qc7 14. Bxf6 Bxf6
15. Qxd6 Qxd6 16. Rxd6 Be5 17. Rd3 Rb8 18. Bb3 Rb4 19. f3 a5 20. c3 Rb8 21.
Rad1 Ba6 22. c4 Rb4 23. a3 Rxb3 24. Rxb3 Bxc4 25. Rb7 Rc8 26. Nb6 Ba6 27. Ra7
Be2 28. Rd2 Rc7 29. Rxc7 Bxc7 30. Na8 1-0

[Event "PLZEN 2022 – CALLIDITAS OPEN"]
[Site "Plzen (Ceska republika)"]
[Date "2022.08.26"]
[Round "8.23"]
[White "Soutner, Jaroslav"]
[Black "Zoufaly, Petr"]
[Result "1-0"]
[WhiteElo "1702"]
[BlackElo "1656"]
[PlyCount "75"]
[EventDate "2022.08.20"]

1. e4 e5 2. Nf3 d6 3. d4 exd4 4. Nxd4 Nf6 5. Nc3 Be7 6. Bf4 a6 7. Be2 b5 8. a3
Bb7 9. Bf3 Nbd7 10. Nb3 O-O 11. Na5 Rb8 12. Nxb7 Qc8 13. Na5 Rb6 14. O-O Ne5
15. Bxe5 dxe5 16. Qe2 b4 17. axb4 Bxb4 18. Rfd1 Rd8 19. Nc4 Re6 20. Nd5 Nxd5
21. Rxd5 Rxd5 22. exd5 Rh6 23. Qxe5 Qd8 24. Re1 Bxe1 25. Qxe1 Rf6 26. Qe2 h6
27. h3 Qb8 28. b3 Kf8 29. Na5 c5 30. dxc6 Re6 31. Qd2 Rd6 32. Qe3 Re6 33. Qc5+
Re7 34. Nc4 Qc7 35. Ne3 Kg8 36. g3 g6 37. Kg2 Re5 38. Qc4 1-0

[Event "PLZEN 2022 – CALLIDITAS OPEN"]
[Site "Plzen (Ceska republika)"]
[Date "2022.08.26"]
[Round "8.24"]
[White "Hadac, Pavel"]
[Black "Tykalova, Barbora"]
[Result "1-0"]
[WhiteElo "1801"]
[BlackElo "1168"]
[PlyCount "29"]
[EventDate "2022.08.20"]

1. d4 d5 2. c4 e6 3. Nf3 Nf6 4. Bg5 b6 5. cxd5 exd5 6. e3 Bb7 7. Nc3 Nbd7 8.
Rc1 Bd6 9. Bd3 Qe7 10. O-O O-O-O 11. Nb5 a6 12. Nxd6+ Qxd6 13. Bf4 Qe7 14.
Rxc7+ Kb8 15. Rxd7+ 1-0

[Event "PLZEN 2022 – CALLIDITAS OPEN"]
[Site "Plzen (Ceska republika)"]
[Date "2022.08.27"]
[Round "9.1"]
[White "Egri, Tomas"]
[Black "Neuman, Petr"]
[Result "0-1"]
[WhiteElo "1783"]
[BlackElo "2393"]
[PlyCount "78"]
[EventDate "2022.08.20"]

1. e4 c6 2. d4 d5 3. e5 c5 4. dxc5 e6 5. Be3 Nd7 6. Bb5 Qc7 7. Qd4 Ne7 8. b4 a5
9. a3 Nf5 10. Qc3 axb4 11. axb4 Rxa1 12. Qxa1 Nxe3 13. fxe3 b6 14. Nf3 bxc5 15.
bxc5 Bxc5 16. Kf2 O-O 17. Bxd7 Bxd7 18. Nbd2 Bb4 19. Rc1 Bc3 20. Qa2 Rc8 21. h3
h6 22. g4 Bxd2 23. Nxd2 Qxe5 24. Nf3 Qc3 25. Qa7 Bb5 26. Qd4 Qc7 27. Qe5 Qxe5
28. Nxe5 f6 29. Nf3 Bd3 30. c3 Kf7 31. h4 g5 32. hxg5 hxg5 33. Nd2 Ke7 34. Nb3
e5 35. Nd2 Ra8 36. Nf1 Ra2+ 37. Kf3 Be2+ 38. Kg3 Bxf1 39. Rxf1 Rc2 0-1

[Event "PLZEN 2022 – CALLIDITAS OPEN"]
[Site "Plzen (Ceska republika)"]
[Date "2022.08.27"]
[Round "9.2"]
[White "Bartonicek, Zdenek"]
[Black "Eret, Matous"]
[Result "0-1"]
[WhiteElo "1923"]
[BlackElo "2261"]
[PlyCount "84"]
[EventDate "2022.08.20"]

1. e4 c5 2. d3 Nc6 3. Be2 g6 4. f4 Bg7 5. Nf3 e6 6. O-O Nge7 7. Qe1 d5 8. c3 c4
9. d4 dxe4 10. Nfd2 f5 11. Na3 a6 12. Ndxc4 b5 13. Ne3 Qb6 14. Kh1 O-O 15. Bd1
Nd5 16. Bb3 Nce7 17. Nac2 Bb7 18. Nxd5 exd5 19. Ne3 Kh8 20. Nd1 a5 21. Bd2 b4
22. Ba4 Ba6 23. Rg1 Rab8 24. Rc1 Bc4 25. Ra1 Rb7 26. Qg3 Ng8 27. Ne3 Nf6 28.
Rgc1 bxc3 29. Bxc3 Nh5 30. Qf2 Rd8 31. Rd1 Bd3 32. Bb3 Rbd7 33. Nc2 h6 34. Qd2
Ra7 35. Ba4 Qd6 36. g3 Qa6 37. Ne1 Be2 38. Rdc1 Nf6 39. Qe3 Ng4 40. Qd2 Re7 41.
Bd1 Bxd1 42. Rxd1 Qf1# 0-1

[Event "PLZEN 2022 – CALLIDITAS OPEN"]
[Site "Plzen (Ceska republika)"]
[Date "2022.08.27"]
[Round "9.3"]
[White "Flajsman, Pavel"]
[Black "Hurtak, Otto"]
[Result "1/2-1/2"]
[WhiteElo "2189"]
[BlackElo "1893"]
[PlyCount "82"]
[EventDate "2022.08.20"]

1. Nf3 d5 2. g3 Nf6 3. Bg2 c5 4. O-O e6 5. d4 Nc6 6. c4 Be7 7. dxc5 Bxc5 8. a3
O-O 9. b4 Be7 10. Nbd2 b6 11. Bb2 Bb7 12. Qb3 dxc4 13. Nxc4 b5 14. Nce5 Nxe5
15. Nxe5 Bxg2 16. Kxg2 Qb6 17. Rac1 Rac8 18. Qf3 a5 19. Nc6 Nd5 20. Nxa5 h6 21.
h4 Rfd8 22. Rfd1 Kf8 23. e4 Nf6 24. Rxd8+ Rxd8 25. Rc6 Qb8 26. Qc3 Ne8 27. e5
Qa8 28. Qc2 Rc8 29. Kg1 Rxc6 30. Nxc6 Qb7 31. Bd4 Kg8 32. a4 Bf8 33. a5 Nc7 34.
Be3 Na6 35. Bd2 Qc7 36. Qe4 Qd7 37. Be1 Qd1 38. Kg2 Qc1 39. Kf3 Qd1+ 40. Kg2
Qc1 41. Kf1 Qd1 1/2-1/2